[Event "Pune Rapid op 12th"]
[Site "Pune"]
[Date "2024.05.23"]
[Round "3"]
[White "Ratnakaran, Kantoli"]
[Black "Vyom, Malhotra"]
[Result "0-1"]
[WhiteElo "2162"]
[BlackElo "1697"]
[PlyCount "80"]
[EventDate "2024.05.23"]
[EventType "swiss (rapid)"]
[EventRounds "9"]
[EventCountry "IND"]
[SourceTitle "CBM 220 Extra"]
[Source "ChessBase"]
[SourceDate "2024.07.31"]
[SourceVersion "1"]
[SourceVersionDate "2024.07.31"]
[SourceQuality "1"]

1. e4 e5 2. Nf3 Nf6 3. Nxe5 Nc6 4. Nf3 Nxe4 5. Nc3 Nxc3 6. dxc3 d5 7. Bd3 Be6 8. 0-0 Bd6 9. Re1 h6 10. Bf5 Ne7 11. Bxe6 fxe6 12. Rxe6 Qd7 13. Qe2 0-0-0 14. Bf4 Bxf4 15. Rxe7 Qg4 16. Nd4 Qxe2 17. Nxe2 Bd6 18. Rxg7 Rde8 19. Kf1 Re5 20. Nd4 Rhe8 21. Nb5 Re2 22. Nxd6+ cxd6 23. Rg8 Rxg8 24. Kxe2 Rxg2 25. Rh1 Kd7 26. Kf1 Rg4 27. Rg1 Rh4 28. Rg7+ Kc6 29. Kg2 Ra4 30. a3 d4 31. Rg4 d3 32. Rxa4 dxc2 33. Rc4+ Kd7 34. Rb4 b6 35. Ra4 a5 36. b4 c1Q 37. bxa5 Qg5+ 38. Kf3 bxa5 39. Rd4 Qc5 40. Rd3 Qxa3 0-1

[Event "Pune Blitz op 13th"]
[Site "Pune"]
[Date "2024.05.22"]
[Round "8"]
[White "Aronyak, Ghosh"]
[Black "Ratnakaran, Kantoli"]
[Result "1-0"]
[WhiteElo "2420"]
[BlackElo "2339"]
[PlyCount "77"]
[EventDate "2024.05.22"]
[EventType "swiss (blitz)"]
[EventRounds "9"]
[EventCountry "IND"]
[SourceTitle "CBM 220 Extra"]
[Source "ChessBase"]
[SourceDate "2024.07.31"]
[SourceVersion "1"]
[SourceVersionDate "2024.07.31"]
[SourceQuality "1"]

1. Nf3 b6 2. c4 Bb7 3. Nc3 d6 4. g3 Nd7 5. Bg2 e6 6. d4 Be7 7. e4 h5 8. h4 a6 9. Qe2 Ngf6 10. 0-0 c5 11. e5 dxe5 12. dxe5 Ng4 13. Bf4 Ra7 14. Ne4 0-0 15. Rad1 Bc6 16. Rd3 Qa8 17. Neg5 Re8 18. Rfd1 Nf8 19. Ne1 Ng6 20. Bxc6 Qxc6 21. Nh3 b5 22. f3 Nh6 23. Bxh6 gxh6 24. b3 bxc4 25. bxc4 Kh7 26. f4 Rg8 27. Kh2 Rb7 28. Nf2 Qa4 29. Qxh5 Rb2 30. R1d2 Qxa2 31. Nf3 Rxd2 32. Rxd2 Qxc4 33. Ng4 Rg7 34. Qxh6+ Kg8 35. Nf6+ Kf8 36. Nh7+ Kg8 37. Nf6+ Kf8 38. Ng5 Bd6 39. exd6 1-0

[Event "Pune Blitz op 13th"]
[Site "Pune"]
[Date "2024.05.22"]
[Round "1"]
[White "Ratnakaran, Kantoli"]
[Black "Hitansh, Kunal Gohil"]
[Result "1-0"]
[WhiteElo "2339"]
[BlackElo "1534"]
[PlyCount "87"]
[EventDate "2024.05.22"]
[EventType "swiss (blitz)"]
[EventRounds "9"]
[EventCountry "IND"]
[SourceTitle "CBM 220 Extra"]
[Source "ChessBase"]
[SourceDate "2024.07.31"]
[SourceVersion "1"]
[SourceVersionDate "2024.07.31"]
[SourceQuality "1"]

1. e4 e5 2. Nf3 Nc6 3. Bb5 a6 4. Ba4 Nf6 5. d3 b5 6. Bb3 Bc5 7. c3 0-0 8. Bg5 h6 9. Bh4 d6 10. Nbd2 Be6 11. Bc2 Bb6 12. h3 d5 13. Qe2 d4 14. g4 g5 15. Bg3 Qd6 16. h4 Bxg4 17. hxg5 hxg5 18. Qf1 Kg7 19. Nxg5 Rh8 20. c4 Ba5 21. a3 b4 22. f3 Bd7 23. Rg1 Kf8 24. f4 exf4 25. Bxf4 Qe7 26. a4 Re8 27. 0-0-0 Rb8 28. Nb3 Bb6 29. e5 Nh5 30. Re1 Na5 31. Bd2 Nxb3+ 32. Bxb3 Ke8 33. Kb1 Bc5 34. Ne4 a5 35. Bg5 Qe6 36. Nxc5 Qc6 37. Nxd7 Qxd7 38. e6 fxe6 39. c5 Ng7 40. Bf6 Nf5 41. Qxf5 Kf7 42. Bxe6+ Qxe6 43. Qxe6+ Kf8 44. Bg7# 1-0

[Event "Pune op 10th"]
[Site "Pune"]
[Date "2024.05.22"]
[Round "9"]
[White "Ratnakaran, Kantoli"]
[Black "Sharnarthi, Viresh"]
[Result "1-0"]
[WhiteElo "2258"]
[BlackElo "2078"]
[PlyCount "97"]
[EventDate "2024.05.18"]
[EventType "swiss"]
[EventRounds "9"]
[EventCountry "IND"]
[SourceTitle "CBM 220 Extra"]
[Source "ChessBase"]
[SourceDate "2024.07.31"]
[SourceVersion "1"]
[SourceVersionDate "2024.07.31"]
[SourceQuality "1"]

1. e4 c5 2. Nf3 d6 3. c3 Nf6 4. h3 Nc6 5. Bd3 g6 6. 0-0 Bg7 7. Re1 0-0 8. Bf1 e5 9. d3 d5 10. Nbd2 h6 11. exd5 Nxd5 12. Nc4 Re8 13. a4 b6 14. Nfd2 f5 15. Nf3 Qc7 16. d4 cxd4 17. cxd4 e4 18. Nfe5 Nxe5 19. Nxe5 Bxe5 20. dxe5 Be6 21. Bxh6 Qxe5 22. Qd2 Kf7 23. f3 Nf6 24. Bf4 Qd5 25. Qf2 exf3 26. gxf3 Qb3 27. Be5 Rac8 28. a5 Rc2 29. Qh4 Nh5 30. Ra3 Qd5 31. axb6 axb6 32. Rae3 Qc5 33. b4 Qd5 34. Qg5 Qd8 35. Qh6 Rg8 36. Ra3 Qe7 37. Ra6 Qb7 38. Qe3 Re8 39. Rxb6 Qd5 40. Rd6 Qb7 41. b5 Re7 42. b6 f4 43. Bxf4 Nxf4 44. Qxf4+ Bf5 45. Qh4 Be6 46. Qh7+ Kf6 47. Rexe6+ Kf5 48. Qxg6+ Kf4 49. Qg4# 1-0

[Event "Chennai op 14th"]
[Site "Chennai"]
[Date "2024.01.03"]
[Round "6"]
[White "Ratnakaran, Kantoli"]
[Black "Shah, Jeet"]
[Result "1-0"]
[WhiteElo "2232"]
[BlackElo "1830"]
[PlyCount "127"]
[EventDate "2023.12.31"]
[EventType "swiss"]
[EventRounds "10"]
[EventCountry "IND"]
[SourceTitle "CBM 218 Extra"]
[Source "ChessBase"]
[SourceDate "2024.03.31"]
[SourceVersion "1"]
[SourceVersionDate "2024.03.31"]
[SourceQuality "1"]

1. e4 e5 2. Nf3 Nc6 3. Bb5 a6 4. Ba4 Nf6 5. d3 d6 6. c3 g6 7. Nbd2 Bg7 8. Nf1 0-0 9. Ng3 d5 10. Qe2 Qd6 11. h4 Bg4 12. Bg5 h6 13. Bxf6 Bxf6 14. exd5 Qxd5 15. Bb3 Qd7 16. h5 Kg7 17. hxg6 fxg6 18. 0-0-0 Bxf3 19. gxf3 Bg5+ 20. Kb1 Rad8 21. Ne4 Qf5 22. Nc5 Rde8 23. Bd5 Nd8 24. Be4 Qc8 25. d4 exd4 26. Rxd4 Ne6 27. Rd7+ Kf6 28. f4 Nxf4 29. Qd1 Re5 30. Bxb7 Qe8 31. Rxc7 Rf7 32. Bc6 Rxc7 33. Bxe8 Rcxc5 34. Qd6+ Kg7 35. Ba4 Rcd5 36. Qxa6 h5 37. Rd1 h4 38. Rxd5 Nxd5 39. Bc6 Re1+ 40. Kc2 Nf4 41. Qa5 Re2+ 42. Kd1 Kh6 43. Qa8 Bf6 44. Qf8+ Kg5 45. Qc5+ Kh6 46. Qd6 Kg5 47. Qxf4+ Kxf4 48. Kxe2 g5 49. a4 Ke5 50. Bd7 Kf4 51. a5 Bd8 52. b4 g4 53. Bc6 h3 54. a6 Bb6 55. c4 Ke5 56. c5 Ba7 57. Ke3 h2 58. Kd3 Ke6 59. Kc4 Ke7 60. b5 Kd8 61. b6 Bb8 62. a7 Bxa7 63. bxa7 Kc7 64. a8Q 1-0

[Event "Madurai Athens of the East op 3rd"]
[Site "Madurai"]
[Date "2023.12.30"]
[Round "10"]
[White "Rakshith, Srinivasan"]
[Black "Ratnakaran, Kantoli"]
[Result "0-1"]
[WhiteElo "1966"]
[BlackElo "2232"]
[PlyCount "54"]
[EventDate "2023.12.23"]
[EventType "swiss"]
[EventRounds "10"]
[EventCountry "IND"]
[SourceTitle "CBM 218 Extra"]
[Source "ChessBase"]
[SourceDate "2024.03.31"]
[SourceVersion "1"]
[SourceVersionDate "2024.03.31"]
[SourceQuality "1"]

1. e4 e6 2. d4 d5 3. Nc3 Nc6 4. Nf3 Nf6 5. e5 Ne4 6. Bd3 Bb4 7. Bd2 Nxd2 8. Qxd2 f6 9. a3 Be7 10. 0-0 0-0 11. Rfe1 Bd7 12. Rad1 fxe5 13. Nxe5 Nxe5 14. dxe5 Bc5 15. Re2 Qh4 16. b4 Bb6 17. Rf1 a5 18. Nb5 axb4 19. axb4 Be8 20. c3 Bxb5 21. Bxb5 Rf5 22. Bd3 Rh5 23. h3 Rf8 24. Ra1 Qg3 25. Kf1 Qh2 26. Ree1 Rxe5 27. Re2 Qh1# 0-1

[Event "Madurai Athens of the East op 3rd"]
[Site "Madurai"]
[Date "2023.12.29"]
[Round "9"]
[White "Sanjay, S Pillai"]
[Black "Ratnakaran, Kantoli"]
[Result "1/2-1/2"]
[WhiteElo "1918"]
[BlackElo "2232"]
[PlyCount "118"]
[EventDate "2023.12.23"]
[EventType "swiss"]
[EventRounds "10"]
[EventCountry "IND"]
[SourceTitle "CBM 218 Extra"]
[Source "ChessBase"]
[SourceDate "2024.03.31"]
[SourceVersion "1"]
[SourceVersionDate "2024.03.31"]
[SourceQuality "1"]

1. e4 e6 2. d4 b6 3. Nf3 Bb7 4. Bd3 d6 5. Nc3 Nd7 6. Qe2 a6 7. 0-0 Be7 8. Re1 h5 9. Bd2 g5 10. d5 e5 11. Rf1 Nf8 12. a4 Bc8 13. Be3 Ng6 14. a5 b5 15. Nxb5 axb5 16. Bxb5+ Kf8 17. a6 Bg4 18. Bc6 Nh4 19. Qb5 Bxf3 20. gxf3 Kg7 21. a7 Nf6 22. Qb7 Nxf3+ 23. Kg2 Nh4+ 24. Kh1 Nxe4 25. Qxa8 Qxa8 26. Bxa8 Rxa8 27. Ra4 Nc5 28. Bxc5 dxc5 29. Rfa1 Nf5 30. Ra5 Nd4 31. R1a4 Nxc2 32. Rb5 Nb4 33. Rb8 Rxa7 34. Rxa7 Nxd5 35. Rb5 Kf6 36. Raa5 Ke6 37. Rxc5 Bxc5 38. Rxc5 Kd6 39. Ra5 h4 40. f3 f5 41. Kg1 e4 42. fxe4 fxe4 43. Kf2 Ke5 44. Ke2 g4 45. Ra8 g3 46. hxg3 hxg3 47. Rg8 Nf4+ 48. Ke3 Ng2+ 49. Ke2 Kf4 50. b4 Nh4 51. Rxg3 Kxg3 52. Ke3 Nf5+ 53. Kxe4 Ne7 54. b5 Kg4 55. Ke5 Nc8 56. Kd5 Na7 57. Kc5 Kf5 58. b6 cxb6+ 59. Kxb6 Ke4 1/2-1/2

[Event "Madurai Athens of the East op 3rd"]
[Site "Madurai"]
[Date "2023.12.24"]
[Round "3"]
[White "Ratnakaran, Kantoli"]
[Black "Anilkumar, OT."]
[Result "1/2-1/2"]
[WhiteElo "2232"]
[BlackElo "1877"]
[PlyCount "102"]
[EventDate "2023.12.23"]
[EventType "swiss"]
[EventRounds "10"]
[EventCountry "IND"]
[SourceTitle "CBM 218 Extra"]
[Source "ChessBase"]
[SourceDate "2024.03.31"]
[SourceVersion "1"]
[SourceVersionDate "2024.03.31"]
[SourceQuality "1"]

1. e4 e6 2. d4 d5 3. Nc3 Nc6 4. Nf3 Nf6 5. e5 Ne4 6. Bd3 Bb4 7. Bd2 Nxd2 8. Qxd2 f6 9. a3 Bxc3 10. Qxc3 fxe5 11. dxe5 Qe7 12. h4 Bd7 13. b4 a6 14. Rh3 g6 15. Kf1 Rf8 16. Re1 0-0-0 17. Qd2 Nb8 18. Kg1 c5 19. bxc5 Qxc5 20. Rb1 Bc6 21. c3 Qxa3 22. Nd4 Rde8 23. Be2 Qa5 24. Qb2 Qc7 25. c4 Rf4 26. Rb3 Re7 27. g3 Re4 28. f4 Rxe2 29. Qxe2 dxc4 30. Qxc4 Bd5 31. Qb4 Bxb3 32. Qxb3 Qc5 33. Qb2 Rc7 34. Kh2 Qc4 35. Kh3 h5 36. Rd1 Nc6 37. Nf3 Ne7 38. Qb6 Kb8 39. Nd4 Nc6 40. Nb3 Qe2 41. Rd2 Qf1+ 42. Kh2 Qb1 43. Qe3 Nb4 44. Nc5 Nd5 45. Qa3 Qb6 46. Ne4 Qe3 47. Qxe3 Nxe3 48. Rd8+ Rc8 49. Rd7 Rc7 50. Rd8+ Rc8 51. Rd7 Rc7 1/2-1/2

[Event "Bhubaneswar op-A 14th"]
[Site "Bhubaneswar"]
[Date "2023.06.16"]
[Round "8"]
[White "Ratnakaran, Kantoli"]
[Black "Aarav, Sinha"]
[Result "1-0"]
[WhiteElo "2254"]
[BlackElo "1782"]
[PlyCount "137"]
[EventDate "2023.06.11"]
[EventType "swiss"]
[EventRounds "10"]
[EventCountry "IND"]
[SourceTitle "CBM 214 Extra"]
[Source "ChessBase"]
[SourceDate "2023.07.31"]
[SourceVersion "1"]
[SourceVersionDate "2023.07.31"]
[SourceQuality "1"]

1. e4 c5 2. Nf3 e6 3. d3 Nc6 4. g3 d6 5. Bg2 Nf6 6. 0-0 Be7 7. b3 0-0 8. Bb2 e5 9. Nbd2 Re8 10. a4 a6 11. Nc4 Rb8 12. a5 Be6 13. Bc3 h6 14. Nfd2 Bf8 15. h3 Nh7 16. f4 f6 17. f5 Bf7 18. Nb6 Ne7 19. h4 d5 20. exd5 Nxd5 21. Nxd5 Bxd5 22. Bxd5+ Qxd5 23. Ra4 Qf7 24. Ne4 Rbd8 25. Qf3 Rd5 26. Rfa1 Rc8 27. Rc4 Be7 28. Bd2 Rc6 29. Be3 Qe8 30. Raa4 Qf7 31. Qf2 Qf8 32. Kf1 Kh8 33. Ke1 Kg8 34. Kd2 Kh8 35. Kc1 Kg8 36. Kb1 Kh8 37. Ka2 Kg8 38. Qf3 Qf7 39. Qf2 Qf8 40. Kb2 Kh8 41. Ra1 Kg8 42. g4 Kh8 43. Rg1 Qd8 44. Qd2 Kg8 45. Rh1 Rc8 46. Nc3 Rd7 47. Na4 Rdc7 48. Nb6 Rb8 49. Qc3 Qd6 50. Re4 Rd8 51. Rg1 Qc6 52. Kb1 Kf8 53. Nc4 Qd7 54. Qd2 Ke8 55. Qf2 Nf8 56. g5 hxg5 57. hxg5 Qd5 58. Rh1 Rc6 59. Qf3 Rd7 60. Rh8 Qf7 61. gxf6 gxf6 62. Rg4 Kd8 63. Nb6 Rdd6 64. Bh6 Kc7 65. Rg7 Qe8 66. Nd5+ Rxd5 67. Qxd5 Kb8 68. Rxe7 Qxe7 69. Bxf8 1-0

[Event "Titled Tuesday intern op 11th Apr Early"]
[Site "Chess.com INT"]
[Date "2023.04.11"]
[Round "5"]
[White "Einarsson, Halldor Gretar"]
[Black "Ratnakaran, Kantoli"]
[Result "0-1"]
[WhiteElo "2218"]
[BlackElo "2275"]
[PlyCount "108"]
[EventDate "2023.04.11"]
[EventType "swiss (blitz)"]
[EventRounds "11"]
[EventCountry "USA"]
[SourceTitle "CBM 213 Extra"]
[Source "ChessBase"]
[SourceDate "2023.05.31"]
[SourceVersion "1"]
[SourceVersionDate "2023.05.31"]
[SourceQuality "1"]

1. d4 Nf6 2. c4 c5 3. d5 e6 4. Nc3 exd5 5. cxd5 d6 6. e4 g6 7. h3 Bg7 8. Nf3 0-0 9. Bd3 Re8 10. 0-0 a6 11. a4 Nbd7 12. Re1 Qc7 13. Bf4 Nh5 14. Bh2 Rb8 15. g4 Nhf6 16. Bf1 c4 17. Rc1 b5 18. axb5 axb5 19. b4 cxb3 20. Nxb5 Qb6 21. Nxd6 b2 22. Rb1 Ba6 23. Nxe8 Rxe8 24. Bxa6 Qxa6 25. Rxb2 Nxe4 26. Rbe2 f5 27. gxf5 gxf5 28. Nd4 Rf8 29. Nxf5 Nc3 30. Ne7+ Kh8 31. Qc2 Nxe2+ 32. Qxe2 Qh6 33. Qe6 Nf6 34. Nf5 Qg5+ 35. Kh1 Nh5 36. Nxg7 Nxg7 37. Be5 h6 38. Rg1 Kh7 39. Rxg5 Nxe6 40. Rh5 Ng5 41. f4 Nf3 42. Kg2 Ne1+ 43. Kf2 Nd3+ 44. Ke3 Nc5 45. Kd4 Nd7 46. Rh4 Kg6 47. Rg4+ Kf5 48. Rg1 Ra8 49. Rg7 Ra4+ 50. Ke3 Nc5 51. d6 Ra3+ 52. Kd4 Ne6+ 53. Kd5 Nxg7 54. Bxg7 Rd3+ 0-1

[Event "Cappelle op 39th"]
[Site "Cappelle la Grande"]
[Date "2023.02.20"]
[Round "4"]
[White "Ratnakaran, Kantoli"]
[Black "Eugene, Floryan"]
[Result "0-1"]
[WhiteElo "2290"]
[BlackElo "2393"]
[PlyCount "94"]
[EventDate "2023.02.18"]
[EventType "swiss"]
[EventRounds "9"]
[EventCountry "FRA"]
[SourceTitle "CBM 213 Extra"]
[Source "ChessBase"]
[SourceDate "2023.05.31"]
[SourceVersion "1"]
[SourceVersionDate "2023.05.31"]
[SourceQuality "1"]

1. e4 e5 2. Nf3 Nc6 3. Bb5 a6 4. Ba4 d6 5. c3 Bd7 6. d4 g6 7. 0-0 Bg7 8. Bg5 f6 9. Bh4 Nh6 10. dxe5 dxe5 11. Nbd2 Nf7 12. Ne1 0-0 13. Nd3 Qe7 14. b4 b6 15. Bb3 Rad8 16. Nc4 g5 17. Bg3 f5 18. Ne3 f4 19. Nd5 Qd6 20. c4 Be6 21. c5 Qd7 22. cxb6 cxb6 23. Rc1 Bxd5 24. Bxd5 Ne7 25. Bc4 b5 26. Bxf7+ Rxf7 27. Qb3 Nc6 28. Nc5 Nd4 29. Qb2 Qd6 30. Rc3 Qg6 31. a4 Qh5 32. f3 fxg3 33. hxg3 g4 34. Qa2 gxf3 35. gxf3 Rd6 36. axb5 Rg6 37. g4 Nxf3+ 38. Rfxf3 Rxg4+ 39. Rg3 Rh4 40. Rxg7+ Kxg7 41. Ne6+ Kg6 42. Rg3+ Rg4 43. Nf8+ Kg7 44. Ne6+ Kf6 45. Qf2+ Kxe6 46. Qb6+ Ke7 47. Qc7+ Kf6 0-1